COMPUTER FUNDAMENTALS; CONCEPTS SYSTEMS & APPLICATION (Record no. 21067)

MARC details
000 -LEADER
fixed length control field 00379nam a22001577a 4500
003 - CONTROL NUMBER IDENTIFIER
control field SGT
020 ## - INTERNATIONAL STANDARD BOOK NUMBER
International Standard Book Number 9788176567527
082 ## - DEWEY DECIMAL CLASSIFICATION NUMBER
Classification number 621.39,SIN
100 ## - MAIN ENTRY--PERSONAL NAME
Personal name SINHA , PRADEEP.K
245 ## - TITLE STATEMENT
Title COMPUTER FUNDAMENTALS; CONCEPTS SYSTEMS & APPLICATION
250 ## - EDITION STATEMENT
Edition statement 8TH
260 ## - PUBLICATION, DISTRIBUTION, ETC. (IMPRINT)
Place of publication, distribution, etc NEW DELHI
Name of publisher, distributor, etc BPB PUBLNICATIOS
Year of Publication 2021
300 ## - PAGE DESCRIPTION
No. of Pages 510
650 ## - SUBJECT ADDED ENTRY--TOPICAL TERM
Topical term or geographic name as entry element COMPUTER
942 ## - ADDED ENTRY ELEMENTS (KOHA)
Source of classification or shelving scheme Dewey Decimal Classification
Koha item type Books
942 ## - ADDED ENTRY ELEMENTS (KOHA)
-- 37
Holdings
Withdrawn status Lost status Source of classification or shelving scheme Damaged status Use restrictions Not for loan Collection code Home library Current library Shelving location Date acquired Vendor Name Cost, normal purchase price SGTU Bill Number Total Checkouts Total Renewals Full call number Accession No. (Barcode) Date last seen Date last borrowed Bill Date Koha item type
    Dewey Decimal Classification   Restricted Access Not For Loan ENGINEERING SGT Engineering Library SGT Engineering Library Reference Book 26/04/2021 KIRTI PRAKASHAN 490.00 SGTU IN1949 20 1 621.39,SIN FE8136 22/09/2023 12/09/2023 27/03/2021 Books
    Dewey Decimal Classification       ENGINEERING SGT Engineering Library SGT Engineering Library Text Book 26/04/2021 KIRTI PRAKASHAN 490.00 SGTU IN1949 18   621.39,SIN FE8137 28/12/2024 10/12/2024 27/03/2021 Books